Aktívna voĺná fáza, ako najdôležitejší faktor pri posudzovaní efektívnosti kovových striekaných práškov pre prídavné materiály /

Gespeichert in:
Bibliographische Detailangaben
1. Verfasser: Pilárik, Stanislav (Verfasst von)
Format: Manuskript Buch
Veröffentlicht: Bratislava : Výskumný ústav zváračský, 1964
Tags: Tag hinzufügen
Keine Tags, Fügen Sie das erste Tag hinzu!

MARC

LEADER 00000ntm a22000003a 4500
001 stu47340
005 20150617225712.3
008 ------s1964----cs----------------------d
040 |a STU  |b slo 
041 0
044 |a cs 
100 1 |a Pilárik, Stanislav  |4 aut  |u M  |T MTF Materiálovotechnologická fakulta  |U M  |Y 60 
245 1 |a Aktívna voĺná fáza, ako najdôležitejší faktor pri posudzovaní efektívnosti kovových striekaných práškov pre prídavné materiály /  |c [aut.] Pilárik,Stanislav 
260 |a Bratislava :  |b Výskumný ústav zváračský,  |c 1964 
300 |a 49 s 
996 |b 284J002700  |c J*10371/DIZ.  |l JJSK  |s A  |a 24  |w stu47340_0001